| 000 | 00538nam a2200193 a 4500 | ||
|---|---|---|---|
| 005 | 20210219153115.0 | ||
| 008 | 991125n 000 0 u | ||
| 035 | _aUPN01000078280 | ||
| 100 | 1 | _aSiegel, Linda S | |
| 222 | _aJOURNAL OF LEARNING DISABILITIES | ||
| 245 | _aA evaluation of the discrepancy definition of dyslexia | ||
| 300 | _a618-629 | ||
| 362 | 0 | _a1992 Vol. 25, no. 10 | |
| 653 | 0 | _aDISLEXIA | |
| 653 | 0 | _aPROBLEMAS DE APRENDIZAJE | |
| 653 | 0 | _aINDICADORES EDUCATIVOS | |
| 904 |
_aAC _b016091 |
||
| 905 | _aArticulo | ||
| 999 |
_c68624 _d68624 |
||